UBT Library

Vrasjet në Kosovën pasluftës / (Record no. 356)

000 -LEADER
fixed length control field 00531nam a22001937a 4500
008 - FIXED-LENGTH DATA ELEMENTS--GENERAL INFORMATION
fixed length control field 131126b xxu||||| |||| 00| 0 alb d
041 0# - LANGUAGE CODE
Language code of text/sound track or separate title alb
080 ## - UNIVERSAL DECIMAL CLASSIFICATION NUMBER
Universal Decimal Classification number 343.6
Common auxiliary subdivision (496.51)
100 1# - Rafti
Rafti Demolli, Haki
245 10 - TITLE STATEMENT
Title Vrasjet në Kosovën pasluftës /
Statement of responsibility, etc Haki Demolli
260 ## -
-- Prishtinë :
-- KLC ;
-- 2006.
300 ## -
-- 128 f. :
-- 24 cm.
500 ## -
-- Parathënie : f. V-VI
505 ## -
-- Literatura : f. 122-128
650 #0 -
-- E drejta penale
-- Kosova
650 #0 -
-- Lufta
-- Kosova
650 #0 -
-- Vrasjet
-- Kosova
942 ## - ADDED ENTRY ELEMENTS (KOHA)
Source of classification or shelving scheme
Item type Books
Holdings
Withdrawn status Lost status Source of classification or shelving scheme Damaged status Not for loan Collection code Permanent location Current location Shelving location Date acquired Total Checkouts Full call number Barcode Date last seen Price effective from Koha item type
          Koleksioni i përgjithshem UBT - Prishtine UBT - Prishtine Koleksioni i përgjithshem 11/26/2013   343.6 (496.51) DEM 001-000472 11/26/2013 11/26/2013 Books
          Koleksioni i përgjithshem UBT - Prishtine UBT - Prishtine Koleksioni i përgjithshem 11/26/2013   343.6 (496.51) DEM 001-000473 11/26/2013 11/26/2013 Books
          Koleksioni i përgjithshem UBT - Prishtine UBT - Prishtine Koleksioni i përgjithshem 11/26/2013   343.6 (496.51) DEM 001-000474 11/26/2013 11/26/2013 Books
          Koleksioni i përgjithshem UBT - Prishtine UBT - Prishtine Koleksioni i përgjithshem 11/26/2013   343.6 (496.51) DEM 001-000475 11/26/2013 11/26/2013 Books
          Koleksioni i përgjithshem UBT - Prishtine UBT - Prishtine Koleksioni i përgjithshem 11/26/2013   343.6 (496.51) DEM 001-000479 11/26/2013 11/26/2013 Books
UBT Library © 2015-2024. All rights reserved University Education for Business and Technology